Structures of the Human Brain - Statistics

General Stats
  • This quiz has been taken 186 times
  • The average score is 9 of 15
Answer Stats
Hint Answer % Correct
Lobe that deals with motivation and attention; deals with advanced thinking Frontal lobe
89%
Lobe that houses the primary visual cortex Occipital lobe
82%
Lobe that houses the primary auditory cortex Temporal lobe
79%
Lobe that houses the primary motor cortex Parietal lobe
76%
Major brain region that deals with motor coordination, balance, and understanding sensorimotor relationships Cerebellum
67%
Region primarily known for memory consolidation Hippocampus
66%
Gland that secretes hormones such as FSH, LH, growth hormone, and prolactin Pituitary gland
66%
Major brain region that connects the spinal cord to the rest of the brain Brain stem
62%
Region primarily known for its role in emotion regulation Amygdala
61%
Region known for maintaining bodily homeostasis Hypothalamus
56%
Region known as the "sensory relay station" Thalamus
50%
Stem region that deals with breathing Pons
48%
Structure that connects the two hemispheres of the brain Corpus callosum
47%
Region that controls autonomic (involuntary) functions like sneezing Medulla oblongata
41%
Region that processes smell information Olfactory bulb
15%
No matching quizzes found
Score Distribution
Percent of People with Each Score
Percentile by Number Answered
Your Score History
You have not taken this quiz